| 000 | 00951nam a22003137a 4500 | ||
|---|---|---|---|
| 001 | 000314 | ||
| 003 | DO-SdBPM | ||
| 005 | 20250108120036.0 | ||
| 007 | 000314 | ||
| 008 | 160623b1999 sp | 00| 0 spa d | ||
| 020 | _a8439704976 | ||
| 040 |
_aDO-SdBPM _bspa _cBPMSU |
||
| 082 | 4 |
_a923 _bC112M 2001 _222 |
|
| 092 |
_axxxxx _bxxxx |
||
| 100 | 1 |
_aMcMurtry, Larry, _d1936- |
|
| 240 | 1 | 0 |
_aCrazy horse. _lEspañol |
| 245 | 1 | 0 |
_aCaballo loco / _cLarry McMurtry ; traducción de Miguel Martínez-Lage. |
| 260 |
_aBarcelona : _bMondadori, _c2001. |
||
| 300 |
_a162 p. ; _c20 cm |
||
| 490 | 0 | _aVita breve | |
| 534 |
_pTítulo original. _tCrazy horse. |
||
| 590 | _aInventariado, 2025/VM | ||
| 600 | 1 | 4 |
_aCaballo Loco, _d1840-1877. |
| 650 | 4 |
_aIndígenas de Estados Unidos _xHistoria. |
|
| 651 | 4 |
_aSioux _xVida social y costumbres |
|
| 700 | 1 |
_aCrazy horse, _etraductor |
|
| 910 | _aVMateo V. Control de calidad. BPMSU | ||
| 942 |
_2ddc _cBK |
||
| 999 |
_c10556 _d10556 |
||